000 00509nam a2200205Ia 4500
008 180207s9999 xx 000 0 und d
020 _a9781592239108
050 _bP243 2008
100 _aParker, Steve
245 _aDinosaurs :
245 _bposters & models /
245 _cby Steve Parker.
260 _aSan Diego, California :
260 _bSilver Dolphin Books,
260 _c2008
300 _a61 pages :
300 _bcolor illustration ;
300 _c30cm.
650 _aIncludes index.
999 _c355777
_d355777